Gemeinden der Städteregion Aachen (NRW) Karten-Quiz - Statistiken

Allgemein
  • Dieses Quiz wurde 419 mal gespielt
  • Das Durchschnittsergebnis liegt bei 5 aus 10
Antworten auf der Karte
Die Antworten werden auf der Karte rot bzw. grün angezeigt, abhängig davon wie oft sie richtig erraten wurden.
 
Antwortstatistiken
Antwort % Korrekt
Aachen
85%
Monschau
63%
Roetgen
54%
Eschweiler
51%
Simmerath
51%
Alsdorf
50%
Herzogenrath
50%
Baesweiler
48%
Stolberg
47%
Würselen
42%
Keine übereinstimmenden Quizze gefunden
Verteilung der Resultate
Anzahl Personen mit jedem Resultat
Perzentil nach korrekt beantworteten Fragen
Ihre Resultats-Entwicklung
Sie haben dieses Quiz noch nicht gespielt